Countries with embassies and consulates in Lebanon - Statistics

General Stats
  • This quiz has been taken 229 times
  • The average score is 55 of 70
Answer Stats
Continent Country % Correct
South America Brazil
95%
Asia China
95%
North America United States of America
95%
Oceania Australia
93%
North America Canada
93%
Europe United Kingdom
93%
Africa Algeria
92%
South America Argentina
92%
Africa Egypt
92%
Asia/ Europe Russia
92%
Asia Iran
90%
Europe France
89%
Europe Germany
89%
Asia/ Europe Turkey
89%
Asia Saudi Arabia
88%
Asia Iraq
87%
Europe Italy
87%
Asia Japan
87%
Europe Spain
87%
Asia Syria
87%
Asia United Arab Emirates
87%
Asia India
86%
Africa Morocco
86%
Europe Greece
84%
Asia Qatar
84%
Asia Armenia
83%
South America Colombia
83%
North America Mexico
83%
Africa Tunisia
83%
Asia Oman
82%
South America Chile
81%
Asia Kuwait
81%
Europe Sweden
81%
Europe Ukraine
80%
Asia Yemen
80%
Europe Norway
79%
South America Venezuela
79%
Europe Finland
78%
Asia Pakistan
78%
Asia South Korea
78%
Europe Switzerland
78%
Europe Austria
77%
Asia Jordan
77%
Europe Poland
77%
Asia Indonesia
76%
Europe Belgium
75%
Europe Bulgaria
75%
Europe Denmark
75%
Europe Romania
75%
Asia Azerbaijan
72%
Europe Cyprus
72%
Africa Ethiopia
72%
South America Uruguay
72%
Europe Czech Republic
71%
North America Cuba
69%
Africa Nigeria
69%
Europe the Netherlands
69%
South America Paraguay
68%
Europe Serbia
68%
Africa Sudan
68%
Asia Bangladesh
67%
Europe Slovakia
66%
Europe Hungary
65%
Asia Malaysia
65%
Asia Kazakhstan
62%
Asia the Philippines
61%
Asia Sri Lanka
58%
Asia Palestine
51%
Europe Vatican City
48%
Africa Ivory Coast
47%
No matching quizzes found
Score Distribution
Percent of People with Each Score
Percentile by Number Answered
Your Score History
You have not taken this quiz